LEADER 00811nam a2200217 i 4500 001 000000168158 003 CaOOAMICUS 005 20071220000000.0 008 071220n it u000 u mul u 013 $a145560 040 $aSeMil$bita 100 1 $aBellati, Antonio <1941-2013>.$0(OLS)http://semarc/name/19503 245 10$aCa e casinél /$cAntonio Bellati. 260 $a[Premana] :$bIl Corno,$c[199?] 300 $a383 p. . riccamente ill. ;$c30x22 cm. 500 $aContiene : Piccolo vocabolario. - In custodia. 850 $aSeMil 852 $aSeMil$W1$xVenegono$y1$m4Y V 70$j119247$B119247$CSeMilBibl$Z2$F130211 $81 961 $aLascito: Cazzaniga don Francesco 996 $6245$aCa e casinél$9(OLS)http://semarc/title/240563 996 $6260$a[Premana] :$bIl Corno$9(OLS)http://semarc/publisher/40093 LEADER 01524nam a2200265 i 4500 001 000000182048 003 CaOOAMICUS 005 20190613142154.0 008 091008s2009 it u000 u ita u 013 $a159983 020 $a88-87724-42-3 040 $aSeMil$bita 245 10$aTesori nascosti nel Polo Culturale del Castanese :$bun contributo alla riscoperta dei valori storici, artistici e culturali dei comuni di: Arconate, Bernate Ticino, Buscate, Castano Primo, Cuggiono, Inveruno, Magnago, Nosate, Robecchetto con Induno, Turbigo, Vanzaghello. 250 $aEd. fuori commercio. 260 $aMilano :$bPolo Culturale del Castanese e Raccolto Edizioni,$c2009. 300 $a149 p. :$briccamente ill. ;$c24 cm. 500 $aIn preliminari : Dedica autografa. 650 4$aCastano Primo - Arte.$0(OLS)http://semarc/subject/34487 850 $aSeMil 852 $aSeMil$W1$xVenegono$y1$m3P IV 326$j132752$B132752$CSeMilBibl$Z2$F144686 $81 961 $aOmaggio: Re Cecconi don Luigi 996 $6020$a88-87724-42-3$9(OLS)http://semarc/number/171601 996 $6245$aTesori nascosti nel Polo Culturale del Castanese :$bun contributo alla riscoperta dei valori storici, artistici e culturali dei comuni di: Arconate, Bernate Ticino, Buscate, Castano Primo, Cuggiono, Inveruno, Magnago, Nosate, Robecchetto con Induno, Turbigo, Vanzaghello$9(OLS)http://semarc/title/261260 996 $6260$aMilano :$bPolo Culturale del Castanese e Raccolto Edizioni$9(OLS)http://semarc/publisher/49638